00385pab a2200145 454500008004000000100001900040245005400059260000900113300001100122362001000133650002400143650002900167650002300196773002000219180718b2014 xxu||||| |||| 00| 0 eng d aMouli, C. Raja aNetworking of open distance learning institutions c2014 ap.3-5. a3 Mar aNetworking analysis aEducational institutions aDistance education aUniversity News